Detalles MARC
| 000 -LIDER / CABECERA |
| fixed length control field |
00932nas a2200301Ia 4500 |
| 001 - NUMERO DE CONTROL |
| control field |
51 |
| 003 - IDENTIFICADOR DEL NUMERO DE CONTROL |
| control field |
CO-MdFUSB |
| 005 - FECHA Y HORA DE LA ULTIMA TRANSACCION |
| control field |
20170410121155.0 |
| 008 - ELEMENTOS DE LONGITUD FIJA |
| fixed length control field |
151030s9999 gt 000 0 sp d |
| 022 ## - NÚMERO INTERNACIONAL NORMALIZADO PARA PUBLICACIONES SERIADAS |
| ISSN |
0104-0073 |
| 037 ## - FUENTE DE ADQUISICION |
| Proveedor |
Seminario Teológico Centroamericano |
| 040 ## - FUENTE/ORIGEN DE LA CATALOGACIÓN |
| Agencia Catalogadora |
CO-MdFUSB |
| Lenguaje de catalogación |
spa |
| Agencia que realiza la transcripción |
CO-MdFUSB |
| Agencia que realiza la modificación |
CO-MdFUSB |
| Norma de descripción |
rda |
| 041 0# - IDIOMA |
| Código de lengua del texto/banda sonora o título independiente |
spa |
| Código de idioma original |
spa |
| 245 10 - TÍTULO PROPIAMENTE DICHO |
| Title |
Vox Scripturae : |
| Remainder of title |
revista teológica latinoamericana |
| / Mención de Responsabilidad |
Seminario Teológico Centroamericano |
| 260 ## - • Area De Publicacion, Distribucion, Etc. (Pie de Imprenta) (R) |
| Place of publication, distribution, etc |
Seteca |
| 264 ## - PRODUCCIÓN, PUBLICACIÓN, DISTRIBUCIÓN, MANUFACTURA, Y COPYRIGHT |
| Lugar de producción, publicación, distribución, fabricación : |
Guatemala : |
| Nombre del de productor, editor, distribuidor, fabricante, |
Seminario Teológico Centroamericano |
| 300 ## - DESCRIPCIÓN FÍSICA |
| Extent |
Volumen 5 - 9 |
| Dimensions |
21 cm. |
| 310 ## - PERIODICIDAD ACTUAL |
| Periodicidad actual |
No aplica |
| Fecha de comienzo de la periodicidad actual |
1995 |
| 336 ## - TIPO DE CONTENIDO |
| Fuente |
rdacontent |
| Término de tipo de contenido |
|
| Código de tipo de contenido |
|
| 337 ## - TIPO DE MEDIO |
| Fuente |
rdamedia |
| Nombre del tipo de medio |
|
| Código del tipo de medio |
|
| 338 ## - TIPO DE SOPORTE |
| Nombre del tipo de soport |
|
| 362 ## - FECHAS DE PUBLICACIÓN Y/O DESIGNACIÓN SECUENCIAL |
| Fecha de publicación y/o designación secuencial (Volumen) |
1995 - 1999 |
| 546 ## - NOTA DE IDIOMA |
| Nota de idioma |
Texto en español y portugues |
| 650 ## - PUNTO DE ACCESO ADICIONAL DE MATERIA -TÉRMINO DE MATERIA |
| Subdivisión de forma |
Publicaciones seriadas |
| 773 ## - ENLACE AL DOCUMENTO FUENTE |
| Place, publisher, and date of publication |
Seteca, Guatemala : Seminario Teológico Centroamericano, 1995. |
| 810 ## - PUNTO DE ACCESO ADICIONAL DE SERIE - NOMBRE DE ENTIDAD |
| Tipo de Material |
Revista |
| 942 ## - ELEMENTOS ADICIONALES (KOHA) |
| Koha item type |
Revistas y Fascículos |
| Source of classification or shelving scheme |
Dewey Decimal Classification |
| Estado de la suscripción |
No aplica |